[Event "World Women-ch k.o."]
[Site "Antakya"]
[Date "2010.12.24"]
[Round "6.8"]
[White "Hou, Yifan"]
[Black "Ruan, Lufei"]
[Result "1-0"]
[WhiteElo "2591"]
[BlackElo "2480"]
[Annotator "Hou,Yifan"]
[PlyCount "83"]
[EventDate "2010.12.04"]
[EventType "k.o."]
[EventRounds "6"]
[EventCountry "TUR"]
[SourceTitle "CBM 140"]
[Source "ChessBase"]
[SourceDate "2011.01.18"]
[SourceVersion "1"]
[SourceVersionDate "2011.01.18"]
[SourceQuality "1"]

{The last game, a very important game! In this situation I only had to manage
to draw.} 1. e4 e5 2. Nf3 Nc6 3. Bb5 Nd4 4. Nxd4 exd4 5. O-O Bc5 6. Bc4 d6 7.
c3 Ne7 8. d3 $6 ({I'd like to choose a solid line, but this is not good,
better is} 8. cxd4 Bxd4 9. Qa4+ Nc6 10. Bb5 Bf6 11. Bxc6+ bxc6 12. Qxc6+ Bd7
13. Qc2 {During the game I thought that this position is unclear, Black has
the pair of bishops. But actually there's not enough compensation for Black.})
8... O-O 9. Bg5 (9. Nd2 Nc6 {with control of the d4-square, Black is OK.}) 9...
Kh8 10. Nd2 $6 (10. cxd4 Bxd4 11. Nc3 {prepares to attack the d4-square,
because Black's bishop on d4 is really strong.} c6 12. Qh5 f6 13. Be3 Bxe3 14.
fxe3 Qb6 15. Qe2 {is almost equal.}) 10... f6 11. Bh4 c6 12. Qe2 d5 13. Bb3
dxc3 {This clears the position, but maybe first she should maintain her
position,} (13... Re8 $1 14. Qh5 Ng6 15. Bg3 Ne5 {is unclear, but I like
Black's position.}) 14. bxc3 d4 15. cxd4 Bxd4 16. Rad1 Ng6 17. Bg3 Ne5 18. h3
a5 19. a4 Qe7 {Maybe a waste of time.} (19... b6 $5 {prepares Ba6 to attack
the weak d3-pawn.} 20. Bc4 $1 {Sometimes the knight can go to b3 to attack d4.}
(20. Kh1 Ba6) 20... Ba6 (20... Qe7 21. Nb3) 21. Bxa6 (21. Nb3 b5) 21... Rxa6
22. Bxe5 fxe5 23. Rb1 {Black has an advantage, her bishop is better than my
knight.}) 20. Kh1 c5 $6 {Now I'm preparing f2-f4, so maybe she wanted to keep
the d4-square, but this move gives White some strong squares, like d5 and b5.}
(20... Be6 21. Bxe6 Qxe6 22. f4 Nd7 23. Nf3) (20... Bc3 21. f4 Nd7 22. Nf3 Bb4
23. Qe3 {All these lines are fine for White.}) 21. f4 (21. Rb1 {waiting first,
controlling the b-file.} Bc3 22. Bd5 $1 Bb4 23. Nc4 {to exchange the strong
knight on e5} Nxc4 24. dxc4 f5 25. f3 Ra6 26. Rfd1 {White has a slight
advantage.}) 21... Nc6 22. Nf3 Be6 23. Bxe6 Qxe6 24. Rb1 Qd7 25. Rfd1 Rfc8 26.
Rb5 Nb4 (26... Re8 $5 27. Rdb1 Nb4 28. Be1 (28. Nxd4 Qxd4 29. Rxb7 Qxd3 30.
Qxd3 Nxd3 {Black is better, the c-pawn is strong.}) 28... Ra6 {equal.}) 27. Be1
{Missing the first good chance.} (27. Nxd4 $1 cxd4 28. e5 Qc6 29. Bf2 {White
is better.}) 27... b6 $6 {A mistake, she should go back.} (27... Nc6 {still
equal.}) 28. Nxd4 $2 {A huge blunder.} ({Of course I should play} 28. Rxb6 Rcb8
(28... c4 29. dxc4 {what I missed!!} ({I only saw} 29. Nxd4 Qxd4 30. Bf2 cxd3
31. Qf3 Qc4)) (28... Qxa4 29. Nxd4 cxd4 30. Bxb4 axb4 31. Rb1) 29. Rxb8+ Rxb8
30. Nxd4 cxd4 31. Ra1 Qc7 32. f5 {White is a pawn up and clearly has the
initiative.}) 28... Qxd4 29. Bf2 Qd6 30. e5 (30. d4 Qxf4 31. dxc5 bxc5 32. Bxc5
Nc6 33. Bd6 Ne5 34. Bxe5 fxe5 35. Qd3 h6 {totally equal.}) 30... fxe5 31. fxe5
Qe6 (31... Qg6 $1 32. e6 Re8 (32... Rc6 33. e7 Re8 34. d4 {White is better})
33. Rxb6 Nd5 {This is almost equal, but Black doesn't have any winning chances.
}) 32. d4 c4 {She wants to make the position complicated, here if} (32... cxd4
33. Bxd4 Nd5 34. Qa2) (32... Nd5 33. Qc4 $1 {both are easy for White.}) 33. d5
{Now White has two passed pawns, much stronger then Black's c-pawn; this is
already a winning position.} Qf5 34. d6 Nd3 35. Bxb6 Re8 ({If} 35... Qd7 36.
Qg4 $1 Qxg4 37. hxg4 {White wins.}) 36. Qg4 Qf7 37. d7 Re7 38. e6 Rxe6 39. Qxc4
Qxd7 40. Rxd3 {A last trap} (40. Qxd3 $4 Re1+ 41. Rxe1 Qxd3 42. Rxa5 Rf8 43.
Rae5 Kg8 44. a5 {although this is a drawn position.}) 40... Re1+ 41. Kh2 Qe7
42. Qc7 {Finally I won, and also won the tournament!} 1-0

[Event "Lausanne YM 4th"]
[Site "Lausanne"]
[Date "2003.09.20"]
[Round "2.4"]
[White "McShane, Luke J"]
[Black "Mamedyarov, Shakhriyar"]
[Result "1-0"]
[WhiteElo "2619"]
[BlackElo "2585"]
[Annotator "McShane,L"]
[PlyCount "92"]
[EventDate "2003.09.17"]
[EventType "k.o."]
[EventRounds "3"]
[EventCountry "SUI"]
[SourceTitle "CBM 098"]
[Source "ChessBase"]
[SourceDate "2004.02.03"]
[SourceVersion "1"]
[SourceVersionDate "2004.02.03"]
[SourceQuality "1"]

1. e4 e5 2. Nf3 Nc6 3. Bb5 Nd4 4. Nxd4 exd4 5. O-O Bc5 6. d3 c6 7. Ba4 d6 8. f4
Nf6 9. f5 h6 10. Bf4 Bd7 11. Nd2 Qe7 12. Qf3 O-O-O 13. Rae1 Rde8 14. Bg3 Bb4
15. Rf2 g5 16. a3 Bxd2 17. Rxd2 h5 18. c3 h4 19. Bf2 g4 20. Qf4 dxc3 21. bxc3
g3 22. hxg3 hxg3 23. Bxg3 Nh5 24. Qxd6 Nxg3 25. Qxg3 Qxa3 26. Bd1 Qxc3 27. Qe3
Bxf5 28. Rc2 Qa5 29. Rc5 Qc7 30. Rxf5 Qh2+ 31. Kf2 Reg8 32. Bf3 a6 33. Qf4 Qxf4
34. Rxf4 Rg7 35. d4 Kc7 36. Ra1 Ra8 37. Bh5 a5 38. e5 a4 39. Bxf7 b5 40. Be6 b4
41. Bc4 b3 42. Bxb3 axb3 43. Rxa8 b2 44. Rff8 $2 b1=Q (44... Kb6 $3 45. Rab8+
Rb7 46. Rxb7+ Kxb7 47. Rf7+ Ka6 48. Rf6 b1=Q 49. Rxc6+ Kb5 50. Rf6 $11 {
[%cal Yf6f3]}) 45. Ra7+ Qb7 46. Rxb7+ Kxb7 1-0

[Event "OHRA-A"]
[Site "Brussels"]
[Date "1986.12.??"]
[Round "5"]
[White "Huebner, Robert"]
[Black "Nunn, John DM"]
[Result "1-0"]
[WhiteElo "2620"]
[BlackElo "2590"]
[Annotator "Nunn,J"]
[PlyCount "55"]
[EventDate "1986.12.??"]
[EventType "tourn"]
[EventRounds "10"]
[EventCountry "BEL"]
[EventCategory "16"]
[SourceTitle "CBM 001"]
[Source "ChessBase"]
[SourceDate "2004.01.01"]
[SourceVersion "1"]
[SourceVersionDate "2004.01.01"]
[SourceQuality "1"]

1. e4 e5 2. Nf3 Nc6 3. Bb5 Nd4 {This has started to become popular thanks to
some Soviet games.} 4. Nxd4 exd4 5. O-O Bc5 6. c3 {An unusual alternative to
the standard 6 d3.} (6. d3) 6... c6 7. Ba4 Ne7 8. d3 d5 $1 ({ECO gives a line} 
8... O-O 9. Nd2 dxc3 10. bxc3 d5 11. d4 Bb6 12. Ba3 {assessing it as equal,
but it looks good for White to me, so 8...d5 is more accurate.}) 9. Nd2 Bb6 10.
cxd4 (10. exd5 Nxd5 11. Re1+ Be6 {looks dangerous for Black, but in fact White
cannot prevent Black castling with an equal game.}) 10... Bxd4 11. Kh1 O-O 12.
f4 f5 {A slightly risky idea designed to hold up White's kingside play by
direct means.} 13. e5 b5 $2 {A very bad move. I had the ambitious idea to
advance my queenside pawns as quickly as possible, but Black cannot succeed
while his development is not complete.} (13... Bb6 $142 {followed by ..c5 and .
..Be6 would have been equal.}) 14. Bb3 c5 {Consistent, but bad.} ({However
even the superior} 14... Bb6 $142 {is good for White after} 15. a4 b4 16. Nf3 {
[%cal Rd3d4] (threat d4)} c5 17. Be3 {[%cal Ra4a5,Yd1c2,Ya1c1] intending
either a5 or simply Qc2 and R c1.}) 15. Nf3 Nc6 16. a4 {I had overlooked this
simple move which causes Black's position to fall apart.} Ba6 17. Nxd4 Nxd4 18.
axb5 Bxb5 19. Be3 {Black is doomed by the weakness of d5.} Ne6 20. Qf3 Bc6 21.
Ra6 Qd7 22. Rxc6 {A simple but attractive finish.} Qxc6 23. Bxd5 Qc8 24. Rc1
Rb8 25. Rxc5 Qd7 26. Rc6 Rfe8 27. Rd6 Qf7 28. Bc4 1-0

[Event "Metz op 28th"]
[Site "Metz"]
[Date "2010.04.12"]
[Round "8"]
[White "Crut, Aurelien"]
[Black "Steil Antoni, Fiona"]
[Result "1-0"]
[WhiteElo "2302"]
[BlackElo "2420"]
[Annotator "RR"]
[PlyCount "59"]
[EventDate "2010.04.10"]
[EventType "swiss"]
[EventRounds "9"]
[EventCountry "FRA"]
[SourceTitle "CBM 136 Extra"]
[Source "ChessBase"]
[SourceDate "2010.07.02"]
[SourceVersion "2"]
[SourceVersionDate "2010.07.15"]
[SourceQuality "1"]

1. e4 e5 2. Nf3 Nc6 3. Bb5 Nd4 4. Nxd4 exd4 5. O-O Bc5 6. d3 (6. Bc4 {[%csl
Gd5]}) 6... c6 7. Ba4 d6 8. Bb3 ({RR} 8. Nd2 Ne7 ({RR} 8... Nf6 9. Nf3 Bg4 10.
h3 Bh5 11. c3 dxc3 12. bxc3 Bxf3 13. Qxf3 Qa5 14. Bb3 Qxc3 15. Bf4 O-O 16. Rac1
Qa5 17. Rfd1 Rad8 18. d4 Bb6 19. g4 d5 20. exd5 cxd5 21. Bg5 Rd6 22. Bxf6 Rxf6
23. Qxd5 {De Lillo,M (1964)-Steil Antoni,F (2118)/Caleta 2011/CBM 141/1/2-1/2})
9. a3 a5 10. b4 Ba7 11. Bb3 O-O 12. Bb2 Be6 13. f4 c5 14. bxc5 Bxb3 15. cxb3
dxc5 16. a4 f5 17. Nc4 Bb8 18. Bc1 Bc7 19. Bd2 Qd7 20. Qf3 fxe4 21. dxe4 b5 22.
axb5 Qxb5 {Leko,P (2722)-Morozevich,A (2732)/Monte Carlo 2004/CBM 099 ext/1-0 
(53)}) 8... Nf6 (8... a5 $5 {[%cal Ga5a4]}) 9. h3 h6 $6 $146 {[%csl Rg6]} ({RR
} 9... O-O 10. Bg5 h6 11. Bh4 g5 12. Bg3 d5 13. e5 Ne8 14. Nd2 Ng7 15. c4 Be6
16. Rc1 Rc8 17. Bh2 Qd7 18. g4 h5 19. cxd5 cxd5 20. Nf3 hxg4 21. Nxg5 Be7 22.
Rxc8 Rxc8 23. Nxe6 fxe6 24. hxg4 {Mickiewicz,P (2322)-Samolins,V (2426)/Lazy
2010/CBM 137 Extra/1-0}) 10. f4 O-O 11. f5 d5 12. e5 Nd7 13. f6 $36 {[%csl Rh6]
exploitant la nouveauté douteuse h6} Nxe5 14. Qh5 $1 {[%cal Gh5e5,Gc1h6]} gxf6
15. Bxh6 Re8 16. Nd2 Bd7 $6 (16... Ng6) 17. Ne4 $1 {[%cal Gb3f7]} Be7 18. c3 (
18. Rae1) (18. Ng3 {[%cal Gg3f5]}) 18... Be6 19. cxd4 Ng6 20. Nc5 Bxc5 21. dxc5
d4 22. Rf3 Bxb3 23. axb3 Re5 24. Qg4 Kh7 25. Bd2 Re2 26. Bg5 $1 $32 {[%csl Ra8,
Rd8,Gf7,Rh7]} Re6 $6 (26... fxg5 27. Rxf7+ Kg8 28. Qf5 Nf8 29. Rf1) 27. Raf1
Qd5 28. Rf5 Qxb3 29. Bxf6 Kg8 30. Rh5 1-0

[Event "Capablanca Memorial Elite 31st"]
[Site "Cienfuegos"]
[Date "1996.??.??"]
[Round "1"]
[White "Rodriguez Cespedes, Amador"]
[Black "Arencibia Rodriguez, Walter"]
[Result "1/2-1/2"]
[WhiteElo "2485"]
[BlackElo "2515"]
[Annotator "Rodriguez,Am"]
[PlyCount "45"]
[EventDate "1996.05.??"]
[EventType "tourn"]
[EventRounds "13"]
[EventCountry "CUB"]
[EventCategory "12"]
[SourceTitle "CBM 054"]
[Source "ChessBase"]
[SourceDate "1996.10.01"]
[SourceVersion "1"]
[SourceVersionDate "1996.10.01"]
[SourceQuality "1"]

1. e4 e5 2. Nf3 Nc6 3. Bb5 Nd4 4. Nxd4 exd4 5. Bc4 h5 $6 {It is hard to
believe in a move like this whose only purpose is to avoid Qh5, yet it suits
well for a practical player with tactical strength as Arencibia.} (5... Bc5 $2
6. Bxf7+ {[%cal Rd1h5,Rh5c5]}) 6. d3 (6. c3 Bc5 7. cxd4 (7. d3 c6 8. Qf3 Qf6 9.
Nd2 d6 10. O-O Bg4 11. Qxf6 Nxf6 12. Re1 O-O 13. h3 Be6 14. Bxe6 fxe6 15. cxd4
Bxd4 16. Nf3 Bb6 17. e5 dxe5 18. Rxe5 Rad8 $10 {Zagrebelny,S-Najer,E/Moscow
Petrosian (06) ;CBM 46 1995 1/2-1/2 (52)}) 7... Bxd4 8. Nc3 c6 9. Ne2 Bb6 10.
Qb3 Qe7 11. O-O Nf6 12. Qg3 h4 13. Qg5 h3 14. Ng3 d5 15. exd5 hxg2 16. Kxg2
Bh3+ 17. Kg1 Bxf1 18. Bxf1 Nxd5 19. Qxg7 O-O-O 20. d4 Qh4 21. h3 Rdg8 22. Qe5
Bc7 {0-1 Shmuter,Leonid-Najer,E/St. Petersburg 1993}) 6... Bc5 7. Nd2 $146 (7.
O-O d6 8. f4 c6 9. f5 d5 10. exd5 cxd5 11. Bb3 f6 12. Qf3 Ne7 13. h3 a5 14. a4
Kf8 15. g4 hxg4 16. hxg4 Ra6 17. Bf4 g6 18. fxg6 Kg7 19. Nd2 Rh4 $36 {Marco,
G-Bird,H/Hastings 1895 1/2-1/2 (37)}) 7... c6 8. Nf3 (8. e5 d5 9. exd6 Bg4 (
9... Bxd6) 10. f3 Bf5 11. Qe2+ Kf8 12. Qe5 Qe8 $13) (8. c3 $5 dxc3 9. bxc3 d5
10. exd5 cxd5 11. Bb5+ Bd7 12. Bxd7+ Qxd7 13. O-O Ne7 14. Rb1 $14) 8... d5 9.
exd5 (9. Bb3 $5 dxe4 10. dxe4 (10. Ng5 Bb4+ 11. Kf1 e3 $13) 10... Bg4 11. h3
Bb4+ $1 12. Kf1 Bxf3 13. Qxf3 Qf6 $132) 9... cxd5 10. Bb3 (10. Bb5+ $2 Kf8 $1 {
[%csl Rb5][%cal Yd8a5]}) 10... Qe7+ $1 11. Qe2 (11. Kf1 $5) 11... Qxe2+ 12.
Kxe2 Ne7 13. Ba4+ (13. Re1 $5 f6 14. Bd2 Kf7 15. c3 $14) 13... Bd7 14. Bxd7+
Kxd7 15. b4 $1 Bxb4 16. Rb1 a5 (16... Rhe8 17. Nxd4 Nc6+ 18. Kd1 a5 $10) (16...
Nc6 17. a3 $14 (17. Ne5+)) 17. a3 $6 (17. Bb2 $142 Nc6 18. Nxd4 Rhe8+ 19. Kd1
$10) 17... Bc5 18. Rxb7+ Kc6 19. Rb1 f6 20. Bb2 (20. Re1 Nf5 21. Kd2 Rhe8 22.
Bb2 $10) 20... Nf5 21. Rhc1 $1 {White must play accurately in order to save
the endgame.} Rhe8+ (21... Rhb8 $5 {a tricky move keeping the check on reserve.
} 22. c3 dxc3 23. Rxc3 (23. Bxc3 $2 Rxb1 24. Rxb1 Bxa3 25. Ra1 Re8+ $1 {
the point /\ Bb4 and black is winning}) 23... Kd6 24. Rcc1 {and white can
possibly hold the balance since black's rook cannot move along the b-file.})
22. Kf1 Kd6 23. a4 1/2-1/2

[Event "Tatran Cup"]
[Site "Stary Smokovec"]
[Date "1990.??.??"]
[Round "10"]
[White "Hracek, Zbynek"]
[Black "Knezevic, Milorad"]
[Result "1-0"]
[WhiteElo "2475"]
[BlackElo "2445"]
[Annotator "Schussler,H"]
[PlyCount "63"]
[EventDate "1990.??.??"]
[EventType "tourn"]
[EventRounds "11"]
[EventCountry "CSR"]
[EventCategory "10"]
[SourceTitle "CBM 021"]
[Source "ChessBase"]
[SourceDate "1991.04.01"]
[SourceVersion "1"]
[SourceVersionDate "1991.04.01"]
[SourceQuality "1"]

1. e4 e5 2. Nf3 Nc6 3. Bb5 Nd4 4. Nxd4 exd4 5. O-O Ne7 6. d3 g6 7. f4 c6 8. Bc4
d5 9. Bb3 Bg7 10. g4 $5 h5 11. g5 Bh3 12. Rf2 Qd7 13. Nd2 f6 14. Nf3 Qg4+ 15.
Kh1 fxg5 16. Qe2 gxf4 17. Bd2 O-O-O 18. Rg1 Qd7 19. Bxf4 Rde8 $15 20. Qd2 Rhf8
21. Ng5 b6 22. Nxh3 Qxh3 23. exd5 cxd5 24. Ba4 Rd8 25. Qe2 Ng8 26. Rg3 Qf5 27.
Rgf3 Nf6 (27... Qg4 28. h3 Qh4 29. Qe6+ Kb7 30. Qc6+ Ka6 31. Bb5+ Ka5 32. Bd2#)
28. Bh6 Bxh6 29. Rxf5 gxf5 30. Qe6+ Kb7 31. Qe7+ Kb8 32. Bc6 1-0

[Event "RSFSR-ch"]
[Site "Kuibyshev"]
[Date "1990.??.??"]
[Round "?"]
[White "Isupov, Vladimir"]
[Black "Meister, Jakob"]
[Result "0-1"]
[WhiteElo "2315"]
[BlackElo "2415"]
[Annotator "Schussler,H"]
[PlyCount "56"]
[EventDate "1990.??.??"]
[EventType "tourn"]
[EventRounds "15"]
[EventCountry "URS"]
[EventCategory "6"]
[SourceTitle "CBM 021"]
[Source "ChessBase"]
[SourceDate "1991.04.01"]
[SourceVersion "1"]
[SourceVersionDate "1991.04.01"]
[SourceQuality "1"]

1. e4 e5 2. Nf3 Nc6 3. Bb5 Nd4 4. Nxd4 exd4 5. O-O Bc5 6. Bc4 d6 7. d3 Be6 8.
Bxe6 fxe6 9. Qh5+ g6 10. Qg4 Qd7 11. e5 dxe5 12. Bg5 Bd6 13. Nd2 Ne7 14. Rae1
O-O 15. Nf3 Nc6 16. Re4 Rf5 17. Rfe1 Qg7 18. R1e2 Qf7 19. Qg3 Bf8 20. a3 Bg7
21. Rh4 Rf8 22. Bh6 Bxh6 23. Rxh6 Qf6 24. Re4 Rf7 25. Rg4 Ne7 26. h4 $4 Qg7 27.
Rhxg6 hxg6 28. Ng5 R7f6 0-1

[Event "POL-ch 53rd"]
[Site "Brzeg Dolny"]
[Date "1996.??.??"]
[Round "3"]
[White "Gdanski, Jacek"]
[Black "Oliwa, Marek"]
[Result "1-0"]
[WhiteElo "2480"]
[BlackElo "2440"]
[Annotator "Wedberg,T"]
[PlyCount "51"]
[EventDate "1996.03.09"]
[EventType "tourn"]
[EventRounds "15"]
[EventCountry "POL"]
[EventCategory "9"]
[SourceTitle "CBM 053"]
[Source "ChessBase"]
[SourceDate "1996.08.01"]
[SourceVersion "1"]
[SourceVersionDate "1996.08.01"]
[SourceQuality "1"]

1. e4 e5 2. Nf3 Nc6 3. Bb5 Nd4 4. Nxd4 exd4 5. O-O c6 6. Ba4 Bc5 7. d3 Ne7 8.
f4 {This line was introduced 1987 by Boris Spassky against Barua in New York
Open. It is considered to be Whites best shot against the Bird today.} d5 (8...
f5 9. Bb3 d5 (9... d6 10. Nd2 Kd7 11. Nf3 Kc7 12. Kh1 h6 13. c3 dxc3 14. bxc3
g5 15. e5 Ng6 16. d4 Bb6 17. a4 Kb8 18. exd6 Qxd6 19. Ne5 $16 {1/2-1/2
Skrebnevskis,R-Martinkus,R/LTU-ch Vilnius (06) Vilnius ;EXP 49 1995 (27)}) 10.
exd5 Nxd5 11. Re1+ Kf7 (11... Kf8 12. Qh5 g6 13. Qh6+ Kg8 14. Nd2 Bf8 15. Qh3
Bg7 16. Nf3 h6 17. Ne5 Qf6 18. Bxd5+ cxd5 19. b3 $16 {Kamsky,G-Ivantjuk,V/
Tilburg 1990/1-0 (46)}) 12. Nd2 g6 13. Nf3 Kg7 14. Bd2 (14. Bxd5 Qxd5 15. Re5
Qd6 16. b3 Be6 17. Bb2 Bb6 18. Qe1 Rhe8 19. Qf2 c5 20. Rae1 Bd7 21. c3 dxc3 22.
Bxc3 Kg8 23. Qh4 $16 {1-0 Nielsen,PH-Kristiansen,J/DEN-ch (2) 1991 (32)}) 14...
Qd6 15. Bxd5 cxd5 16. Qe2 a5 17. Qf2 Bd7 18. Nxd4 Rhc8 19. Be3 $16 {Kaiumov,
D-Egin,V/URS 1988/1-0 (60)}) 9. f5 Qc7 {N} (9... dxe4 10. dxe4 O-O 11. Bb3 Bd6
12. Qh5 $40 {1-0 Spassky,B-Barua,D/New York op 1987 (22)}) (9... f6 10. Qh5+
Kf8 11. Kh1 Bd7 12. c3 $16 {1-0 Kindermann,S-Tatai,S/Budapest,Noviki-A 1987 
(26)}) 10. Bf4 Bd6 11. Bxd6 Qxd6 12. Nd2 Bd7 13. Bb3 O-O-O 14. Qf3 f6 15. Rae1
c5 $2 (15... Rde8 $142) 16. Bxd5 $1 $16 Nxd5 17. Nc4 Qc7 18. exd5 b5 19. Nd2
Qd6 20. a4 a6 21. axb5 axb5 22. Ra1 Kb8 23. Ra5 Qe5 24. Rfa1 Bc8 25. Rxb5+ Bb7
26. Rxb7+ 1-0

[Event "San Francisco Mechanics"]
[Site "San Francisco"]
[Date "1998.07.17"]
[Round "8"]
[White "Benjamin, Joel"]
[Black "Soltis, Andrew E"]
[Result "1-0"]
[WhiteElo "2595"]
[BlackElo "2410"]
[Annotator "Wedberg,T"]
[PlyCount "69"]
[EventDate "1998.07.10"]
[EventType "tourn"]
[EventRounds "9"]
[EventCountry "USA"]
[EventCategory "10"]
[SourceTitle "CBM 066"]
[Source "ChessBase"]
[SourceDate "1998.09.30"]
[SourceVersion "1"]
[SourceVersionDate "1998.09.30"]
[SourceQuality "1"]

{Joel Benjamin wins a P in the opening, but Black gets excellent compensation.
A rather unusual K-side attack decides the game.} 1. e4 e5 2. Nf3 Nc6 3. Bb5
Nd4 4. Nxd4 exd4 5. O-O c6 6. Ba4 Nf6 7. c3 d3 (7... Be7 8. d3 (8. e5 Nd5 9.
Qg4 $14) 8... dxc3 9. Nxc3 d6 10. d4 O-O 11. Bc2 Re8 12. f4 Bf8 13. e5 $14 {
1/2-1/2 Ivkov,B-Rossetto,H/Varna 1962/MCD-ol (29)}) 8. Qf3 $146 (8. e5 Ne4 9.
Qf3 Nc5 10. Bd1 d6 11. b4 Ne6 12. Qxd3 dxe5 13. Qxd8+ Kxd8 $11 {1-0 Balashov,
Y-Guseinov,A/Klaipeda 1988/CBM 11 (32)}) 8... d5 (8... Qa5 9. Bb3 Qe5 10. Qxd3
Nxe4 11. Qe2 $1 Bd6 (11... d5 12. d3 Bd6 13. f4 $18) 12. f4 Qe7 13. Re1 Nc5 14.
Bxf7+ $16) 9. e5 Ne4 (9... Ng4 10. Qxd3 Nxe5 11. Re1 Qe7 12. Qf1 $18) 10. Qxd3
Nc5 11. Qc2 d4 $1 $44 12. d3 Bf5 13. Rd1 Be7 14. Bb3 O-O 15. Qe2 Qd7 16. cxd4
$6 (16. Bc2 $142 $13) 16... Nxb3 17. axb3 Qxd4 18. Ra4 Qd5 19. Rf4 Bg6 (19...
Be6 $15) 20. Nc3 Qxb3 21. h4 $1 {Black has an easy game with lots of targets
to attack, so White needs to stir up some trouble.} h5 (21... h6 22. h5 Bh7 $13
) 22. d4 Rad8 23. Be3 Rfe8 24. Ne4 Bf8 $6 {A bit slow.} (24... Rd5 $1 {/\Rb5})
25. Rc1 Rd5 26. Ng3 Rb5 (26... Qb5 27. Qf3 Qxb2 28. Nxh5) 27. Nxh5 Qxb2 28. Qg4
$40 c5 $2 (28... Ra5 29. Nxg7 Bxg7 30. h5 Ra1 31. Rxa1 Qxa1+ 32. Kh2 Bh7 33. h6
Bg6 34. hxg7 Kxg7 35. Qd7 $16) (28... Kh8 $8 $13) 29. Nxg7 $1 Bxg7 30. h5 Rb6 (
30... cxd4 31. hxg6 $18) 31. hxg6 Rxg6 32. Qf5 Qb3 33. Rxc5 Qd1+ 34. Kh2 Re7
35. Rc8+ 1-0